00342nam a2200109Ia 450000100070000000500170000700800410002424500500006526000100011599900190012595200880014466297020250826160203.0250824s9999 xx 000 0 und d 0aRuby Rogers Bu Hiç Adil DeğilcSue Limb bALTIN c662970d662970 00104070a1013b1013d2025-08-24l0p1013103r2025-08-26 16:02:03w2025-08-26yBK